| 000 | 01190nam a2200325Ia 4500 | ||
|---|---|---|---|
| 001 | ebr10058067 | ||
| 003 | CaPaEBR | ||
| 006 | m u | ||
| 007 | cr cn||||||||| | ||
| 008 | 080604s1972 enk sb 001 0 eng d | ||
| 010 | _z 72172656 | ||
| 020 | _z0203197275 | ||
| 020 | _z0710073755 | ||
| 040 |
_aCaPaEBR _cCaPaEBR |
||
| 035 | _a(OCoLC)647376421 | ||
| 050 | 1 | 4 |
_aPR5467 _b.M3 1972eb |
| 245 | 0 | 0 |
_aRobert Southey _h[electronic resource] / _cedited by Lionel Madden. |
| 260 |
_aLondon, _aBoston : _bRoutledge and K. Paul, _c1972. |
||
| 300 | _axix, 492 p. | ||
| 490 | 1 | _aThe Critical heritage series | |
| 504 | _aIncludes bibliography and index. | ||
| 533 |
_aElectronic reproduction. _bPalo Alto, Calif. : _cebrary, _d2009. _nAvailable via World Wide Web. _nAccess may be limited to ebrary affiliated libraries. |
||
| 600 | 1 | 0 |
_aSouthey, Robert, _d1774-1843. |
| 650 | 0 | _aEnglish literature. | |
| 655 | 7 |
_aElectronic books. _2local |
|
| 700 | 1 | _aMadden, Lionel. | |
| 710 | 2 | _aebrary, Inc. | |
| 830 | 0 | _aCritical heritage series. | |
| 856 | 4 | 0 |
_uhttp://site.ebrary.com/lib/rucke/Doc?id=10058067 _zAn electronic book accessible through the World Wide Web; click to view |
| 999 |
_c68067 _d68067 |
||